Online
Catalog

El cine de los hermanos Coen / (Record no. 22281)

MARC details
000 -CABECERA
campo de control de longitud fija 00621nam a2200193 a 4500
001 - NÚMERO DE CONTROL
campo de control 000022784
005 - FECHA Y HORA DE LA ÚLTIMA TRANSACCIÓN
campo de control 20200930021808.0
008 - DATOS DE LONGITUD FIJA--INFORMACIÓN GENERAL
campo de control de longitud fija 101118s2003 sp ac 000 0 spa d
020 ## - NÚMERO INTERNACIONAL ESTÁNDAR DEL LIBRO
Número Internacional Estándar del Libro 8449314259
040 ## - FUENTE DE LA CATALOGACIÓN
Centro catalogador/agencia de origen DO-SdBNP
Lengua de catalogación spa
Centro/agencia transcriptor BNPHU
082 ## - NÚMERO DE LA CLASIFICACIÓN DECIMAL DEWEY
Número de clasificación xxx
Número de documento/Ítem A859c
100 1# - ENTRADA PRINCIPAL--NOMBRE DE PERSONA
Nombre de persona Astruc, Frédéric
9 (RLIN) 46813
240 13 - TÍTULO UNIFORME
Título uniforme Le cinéma de frères cohen
Lenguaje de la obra francés
245 13 - MENCIÓN DE TÍTULO
Título El cine de los hermanos Coen /
Mención de responsabilidad, etc. Frédéric Astruc ; traducción Javier Palacio.
260 ## - PUBLICACIÓN, DISTRIBUCIÓN, ETC.
Lugar de publicación, distribución, etc. Barcelona :
Nombre del editor, distribuidor, etc. Paidós,
Fecha de publicación, distribución, etc. 2003.
300 ## - DESCRIPCIÓN FÍSICA
Extensión 347 p. :
Otras características físicas il., retr. ;
Dimensiones 22 cm.
504 ## - NOTA DE BIBLIOGRAFÍA, ETC.
Nota de bibliografía, etc. Bibliografía : 337-341
700 1# - PUNTO DE ACCESO ADICIONAL--NOMBRE DE PERSONA
Nombre de persona Palacio, Javier,
Término indicativo de función/relación trad.
9 (RLIN) 46339
Holdings
Estado de retiro Estado de pérdida Restricciones de uso No para préstamo Código de colección Localización permanente Ubicación/localización actual Ubicación en estantería Fecha de adquisición Número de inventario Total de préstamos Signatura topográfica completa Código de barras Fecha visto por última vez Precio válido a partir de Tipo de ítem Koha
      Excluido de préstamo Monografías: Libros y Folletos General General Depósito 18.11.2010 LF1   xxx A859c 22784-10 25.06.2020 25.06.2020 No se presta

Powered by Koha